{"text_format":"3","workbook":"xlsx","n_sheets":1,"sheets":["t546"],"read":"whole","date_system":"1900"}

{"sheet":"t546","index":0,"n_rows":164,"n_cols":7,"rows_kept":164,"merged":[[0,0,0,6],[28,0,28,5],[40,0,40,5],[147,0,147,5]]}
["TABELA 546.1 - Estatísticas Agrícolas, Município de São Joaquim da Barra, Estado de São Paulo, 2016/17."]
["ITEM","UNIDADE","N.DE UPAs","MÍNIMO","MÉDIO","MÁXIMO","TOTAL"]
["Distância à sede do município","km",275,0.5,10.2,{"v":37,"d":"37.0"},"-"]
["Área total","hectare",275,0.8,{"v":139.59,"d":"139.6"},{"v":2725.2,"d":"2,725.2"},{"v":38386.93,"d":"38,386.9"}]
["Área com cultura perene","hectare",1,1.2,1.2,1.2,1.2]
["Área com cultura temporária","hectare",229,0.8,{"v":141.24,"d":"141.2"},{"v":2358.2,"d":"2,358.2"},{"v":32342.9,"d":"32,342.9"}]
["Área com pastagem","hectare",140,0.2,{"v":18.21,"d":"18.2"},158.3,{"v":2549.2,"d":"2,549.2"}]
["Área com reflorestamento","hectare",4,{"v":1,"d":"1.0"},2.2,3.6,8.8]
["Área com vegetação natural","hectare",101,0.6,{"v":21.94,"d":"21.9"},357.4,{"v":2216.2,"d":"2,216.2"}]
["Área com vegetação de brejo e várzea","hectare",4,{"v":1,"d":"1.0"},{"v":6.25,"d":"6.3"},18.3,{"v":25,"d":"25.0"}]
["Área em descanso","hectare",54,0.2,{"v":4.04,"d":"4.0"},22.7,{"v":218,"d":"218.0"}]
["Área complementar","hectare",227,0.1,{"v":4.52,"d":"4.5"},105.6,{"v":1025.63,"d":"1,025.6"}]
["Área das UPAs com (0, 1] ha","hectare",1,0.8,0.8,0.8,0.8]
["Área das UPAs com (1, 2] ha","hectare","-","-","-","-","-"]
["Área das UPAs com (2, 5] ha","hectare",13,2.4,{"v":3.97,"d":"4.0"},{"v":5,"d":"5.0"},51.6]
["Área das UPAs com (5, 10] ha","hectare",23,5.1,{"v":7.52,"d":"7.5"},{"v":10,"d":"10.0"},172.9]
["Área das UPAs com (10, 20] ha","hectare",47,10.1,{"v":14.16,"d":"14.2"},19.4,{"v":665.43,"d":"665.4"}]
["Área das UPAs com (20, 50] ha","hectare",66,20.6,{"v":33.65,"d":"33.7"},48.4,{"v":2220.9,"d":"2,220.9"}]
["Área das UPAs com (50, 100] ha","hectare",38,50.8,{"v":69.02,"d":"69.0"},{"v":100,"d":"100.0"},{"v":2622.9,"d":"2,622.9"}]
["Área das UPAs com (100, 200] ha","hectare",34,100.4,{"v":149,"d":"149.0"},198.2,{"v":5066.1,"d":"5,066.1"}]
["Área das UPAs com (200, 500] ha","hectare",33,{"v":203,"d":"203.0"},{"v":296.13,"d":"296.1"},479.4,{"v":9772.3,"d":"9,772.3"}]
["Área das UPAs com (500, 1.000] ha","hectare",15,514.1,{"v":678.09,"d":"678.1"},955.8,{"v":10171.3,"d":"10,171.3"}]
["Área das UPAs com (1.000, 2.000] ha","hectare",4,{"v":1076.9,"d":"1,076.9"},{"v":1229.38,"d":"1,229.4"},{"v":1485.7,"d":"1,485.7"},{"v":4917.5,"d":"4,917.5"}]
["Área das UPAs com (2.000, 5.000] ha","hectare",1,{"v":2725.2,"d":"2,725.2"},{"v":2725.2,"d":"2,725.2"},{"v":2725.2,"d":"2,725.2"},{"v":2725.2,"d":"2,725.2"}]
["Área das UPAs com (5.000, 10.000] ha","hectare","-","-","-","-","-"]
["Área das UPAs acima de 10.000 ha","hectare","-","-","-","-","-"]
["Fonte: Secretaria de Agricultura e Abastecimento, CDRS/IEA, Projeto LUPA."]
[]
["TABELA 546.2 - Explorações Animais, Município de São Joaquim da Barra, Estado de São Paulo, 2016/17."]
["ITEM","UNIDADE","N.DE UPAs","MÍNIMO","MÉDIO","MÁXIMO","TOTAL"]
["Asininos e muares","cabecas",1,{"v":8,"d":"8.0"},{"v":8,"d":"8.0"},{"v":8,"d":"8.0"},{"v":8,"d":"8.0"}]
["Avicultura de corte","cabecas/ano",5,{"v":200,"d":"200.0"},{"v":246040,"d":"246,040.0"},{"v":840000,"d":"840,000.0"},{"v":1230200,"d":"1,230,200.0"}]
["Bovinocultura de corte","cabecas",31,{"v":6,"d":"6.0"},{"v":42.26,"d":"42.3"},{"v":150,"d":"150.0"},{"v":1310,"d":"1,310.0"}]
["Bovinocultura leiteira","cabecas",17,{"v":6,"d":"6.0"},{"v":40.47,"d":"40.5"},{"v":230,"d":"230.0"},{"v":688,"d":"688.0"}]
["Bovinocultura mista","cabecas",81,{"v":2,"d":"2.0"},{"v":24.69,"d":"24.7"},{"v":200,"d":"200.0"},{"v":2000,"d":"2,000.0"}]
["Equinocultura","cabecas",7,{"v":1,"d":"1.0"},{"v":6.29,"d":"6.3"},{"v":20,"d":"20.0"},{"v":44,"d":"44.0"}]
["Piscicultura","m2 tanques",1,{"v":400,"d":"400.0"},{"v":400,"d":"400.0"},{"v":400,"d":"400.0"},{"v":400,"d":"400.0"}]
["Suinocultura","cabecas",10,{"v":6,"d":"6.0"},17.3,{"v":50,"d":"50.0"},{"v":173,"d":"173.0"}]
["Fonte: Secretaria de Agricultura e Abastecimento, CDRS/IEA, Projeto LUPA."]
[]
["TABELA 546.3 -  Máquinas, Implementos e Benfeitorias, Município de São Joaquim da Barra, Estado de São Paulo, 2016/17."]
["ITEM","UNIDADE","N.DE UPAs","MÍNIMO","MÉDIO","MÁXIMO","TOTAL"]
["Arado comum (bacia, aiveca)","unidade",13,{"v":1,"d":"1.0"},{"v":1.15,"d":"1.2"},{"v":2,"d":"2.0"},{"v":15,"d":"15.0"}]
["Arado escarificador","unidade",25,{"v":1,"d":"1.0"},{"v":1.16,"d":"1.2"},{"v":2,"d":"2.0"},{"v":29,"d":"29.0"}]
["Arado subsolador","unidade",22,{"v":1,"d":"1.0"},{"v":1.27,"d":"1.3"},{"v":4,"d":"4.0"},{"v":28,"d":"28.0"}]
["Carregadeira de cana","unidade",10,{"v":1,"d":"1.0"},1.5,{"v":2,"d":"2.0"},{"v":15,"d":"15.0"}]
["Carreta de trator","unidade",2,{"v":1,"d":"1.0"},1.5,{"v":2,"d":"2.0"},{"v":3,"d":"3.0"}]
["Colhedeira acoplada","unidade",1,{"v":1,"d":"1.0"},{"v":1,"d":"1.0"},{"v":1,"d":"1.0"},{"v":1,"d":"1.0"}]
["Colhedeira automotriz","unidade",3,{"v":1,"d":"1.0"},{"v":1,"d":"1.0"},{"v":1,"d":"1.0"},{"v":3,"d":"3.0"}]
["Conj.irrigacao convencional","unidade",1,{"v":6,"d":"6.0"},{"v":6,"d":"6.0"},{"v":6,"d":"6.0"},{"v":6,"d":"6.0"}]
["Conj.irrigacao pivot central","unidade",1,{"v":1,"d":"1.0"},{"v":1,"d":"1.0"},{"v":1,"d":"1.0"},{"v":1,"d":"1.0"}]
["Conjunto de fenacao","unidade",1,{"v":1,"d":"1.0"},{"v":1,"d":"1.0"},{"v":1,"d":"1.0"},{"v":1,"d":"1.0"}]
["Desintegrador, picador, triturador","unidade",55,{"v":1,"d":"1.0"},{"v":1.05,"d":"1.1"},{"v":2,"d":"2.0"},{"v":58,"d":"58.0"}]
["Distribuidor de calcario","unidade",9,{"v":1,"d":"1.0"},{"v":1.11,"d":"1.1"},{"v":2,"d":"2.0"},{"v":10,"d":"10.0"}]
["Ensiladeira","unidade",11,{"v":1,"d":"1.0"},{"v":1,"d":"1.0"},{"v":1,"d":"1.0"},{"v":11,"d":"11.0"}]
["Grade aradora (tipo romi)","unidade",11,{"v":1,"d":"1.0"},{"v":1.36,"d":"1.4"},{"v":3,"d":"3.0"},{"v":15,"d":"15.0"}]
["Grade niveladora","unidade",15,{"v":1,"d":"1.0"},{"v":1.33,"d":"1.3"},{"v":3,"d":"3.0"},{"v":20,"d":"20.0"}]
["Implementos para tracao animal","unidade",3,{"v":1,"d":"1.0"},{"v":1.67,"d":"1.7"},{"v":2,"d":"2.0"},{"v":5,"d":"5.0"}]
["Maquina de classificar ovo","unidade",1,{"v":4,"d":"4.0"},{"v":4,"d":"4.0"},{"v":4,"d":"4.0"},{"v":4,"d":"4.0"}]
["Misturador de racao","unidade",9,{"v":1,"d":"1.0"},{"v":1,"d":"1.0"},{"v":1,"d":"1.0"},{"v":9,"d":"9.0"}]
["Mmicrotrator","unidade",1,{"v":1,"d":"1.0"},{"v":1,"d":"1.0"},{"v":1,"d":"1.0"},{"v":1,"d":"1.0"}]
["Ordenhadeira mecanica","unidade",2,{"v":1,"d":"1.0"},{"v":1,"d":"1.0"},{"v":1,"d":"1.0"},{"v":2,"d":"2.0"}]
["Pulverizador tratorizado","unidade",23,{"v":1,"d":"1.0"},{"v":1.26,"d":"1.3"},{"v":3,"d":"3.0"},{"v":29,"d":"29.0"}]
["Resfriador de leite, tanque expansao","unidade",7,{"v":1,"d":"1.0"},{"v":1,"d":"1.0"},{"v":1,"d":"1.0"},{"v":7,"d":"7.0"}]
["Roçadeira tratorizada","unidade",3,{"v":1,"d":"1.0"},{"v":1.33,"d":"1.3"},{"v":2,"d":"2.0"},{"v":4,"d":"4.0"}]
["Roçadora","unidade",2,{"v":1,"d":"1.0"},{"v":1,"d":"1.0"},{"v":1,"d":"1.0"},{"v":2,"d":"2.0"}]
["Semeadeira/adubadeira para plantio convencional","unidade",8,{"v":1,"d":"1.0"},{"v":1.13,"d":"1.1"},{"v":2,"d":"2.0"},{"v":9,"d":"9.0"}]
["Semeadeira/plantadeira plantio direto","unidade",19,{"v":1,"d":"1.0"},{"v":1.47,"d":"1.5"},{"v":6,"d":"6.0"},{"v":28,"d":"28.0"}]
["Terraceador","unidade",15,{"v":1,"d":"1.0"},{"v":1.33,"d":"1.3"},{"v":5,"d":"5.0"},{"v":20,"d":"20.0"}]
["Trator de esteiras","unidade",3,{"v":1,"d":"1.0"},{"v":1,"d":"1.0"},{"v":1,"d":"1.0"},{"v":3,"d":"3.0"}]
["Trator de pneus  acima de 85 cv","unidade",19,{"v":1,"d":"1.0"},{"v":2.42,"d":"2.4"},{"v":12,"d":"12.0"},{"v":46,"d":"46.0"}]
["Trator de pneus até 65 cv","unidade",15,{"v":1,"d":"1.0"},{"v":1.13,"d":"1.1"},{"v":2,"d":"2.0"},{"v":17,"d":"17.0"}]
["Trator de pneus de 66 cv a 85 cv","unidade",34,{"v":1,"d":"1.0"},{"v":1.56,"d":"1.6"},{"v":5,"d":"5.0"},{"v":53,"d":"53.0"}]
["Acude/represa","unidade",49,{"v":1,"d":"1.0"},{"v":1.43,"d":"1.4"},{"v":9,"d":"9.0"},{"v":70,"d":"70.0"}]
["Almoxarifado/oficina","unidade",30,{"v":1,"d":"1.0"},{"v":1,"d":"1.0"},{"v":1,"d":"1.0"},{"v":30,"d":"30.0"}]
["Armazem para graos ensacados","sacas",8]
["Balanca para bovinos","unidade",1,{"v":1,"d":"1.0"},{"v":1,"d":"1.0"},{"v":1,"d":"1.0"},{"v":1,"d":"1.0"}]
["Barracao para granja/avicultura","unidade",12,{"v":1,"d":"1.0"},{"v":1.75,"d":"1.8"},{"v":5,"d":"5.0"},{"v":21,"d":"21.0"}]
["Barracao/galpao/garagem","unidade",78,{"v":1,"d":"1.0"},{"v":1.09,"d":"1.1"},{"v":3,"d":"3.0"},{"v":85,"d":"85.0"}]
["Casa de moradia habitada","unidade",120,{"v":1,"d":"1.0"},{"v":2.06,"d":"2.1"},{"v":21,"d":"21.0"},{"v":247,"d":"247.0"}]
["Casa de moradia total","unidade",142,{"v":1,"d":"1.0"},{"v":2.29,"d":"2.3"},{"v":15,"d":"15.0"},{"v":325,"d":"325.0"}]
["Curral/mangueira","unidade",104,{"v":1,"d":"1.0"},{"v":1.05,"d":"1.1"},{"v":2,"d":"2.0"},{"v":109,"d":"109.0"}]
["Deposito/tulha","unidade",18,{"v":1,"d":"1.0"},{"v":1.11,"d":"1.1"},{"v":2,"d":"2.0"},{"v":20,"d":"20.0"}]
["Estabulo","unidade",6,{"v":1,"d":"1.0"},{"v":1,"d":"1.0"},{"v":1,"d":"1.0"},{"v":6,"d":"6.0"}]
["Estacao/posto meteorologico","unidade",2,{"v":1,"d":"1.0"},{"v":1,"d":"1.0"},{"v":1,"d":"1.0"},{"v":2,"d":"2.0"}]
["Fabrica de racao","unidade",4,{"v":1,"d":"1.0"},{"v":1,"d":"1.0"},{"v":1,"d":"1.0"},{"v":4,"d":"4.0"}]
["Instalacoes para equinos","unidade",5,{"v":1,"d":"1.0"},2.8,{"v":10,"d":"10.0"},{"v":14,"d":"14.0"}]
["Maquina de beneficio","unidade",1,{"v":1,"d":"1.0"},{"v":1,"d":"1.0"},{"v":1,"d":"1.0"},{"v":1,"d":"1.0"}]
["Pocilga","unidade",22,{"v":1,"d":"1.0"},{"v":1.18,"d":"1.2"},{"v":3,"d":"3.0"},{"v":26,"d":"26.0"}]
["Poco semi-artesiano","unidade",11,{"v":1,"d":"1.0"},{"v":1,"d":"1.0"},{"v":1,"d":"1.0"},{"v":11,"d":"11.0"}]
["Secador de graos","unidade",2,{"v":1,"d":"1.0"},1.5,{"v":2,"d":"2.0"},{"v":3,"d":"3.0"}]
["Silo para silagem","ton",5]
["Terreiro","m2",3]
["Fonte: Secretaria de Agricultura e Abastecimento, CDRS/IEA, Projeto LUPA."]
[]
["TABELA 546.4 - Outras Estatísticas Agrícolas, Município de São Joaquim da Barra, Estado de São Paulo, 2016/17."]
["ITEM","Número de UPAs",null,"Percentual"]
["Faz Parte de Associação de Produtores",134,null,{"v":48.72727272727273,"d":"48.7"}]
["Faz Parte de Cooperativa de Produtores",154,null,{"v":56,"d":"56.0"}]
["Faz Parte do Sindicato de Produtores",120,null,{"v":43.63636363636363,"d":"43.6"}]
["Não utiliza assistência técnica ",30,null,{"v":10.909090909090908,"d":"10.9"}]
["Utiliza somente assistência técnica governamental ",46,null,{"v":16.727272727272727,"d":"16.7"}]
["Utiliza somente assistência técnica privada ",24,null,{"v":8.727272727272727,"d":"8.7"}]
["Utiliza assistência técnica tanto governamental quanto privada",175,null,{"v":63.63636363636363,"d":"63.6"}]
["Utiliza Crédito Rural",87,null,{"v":31.636363636363633,"d":"31.6"}]
["Utiliza Seguro Rural",19,null,{"v":6.90909090909091,"d":"6.9"}]
["Utiliza Escrituração Agrícola",203,null,{"v":73.81818181818181,"d":"73.8"}]
["Acessa Internet p/ Fins na Agropecuária",15,null,{"v":5.454545454545454,"d":"5.5"}]
["Utiliza Computador nas Atividades Agropecuárias",36,null,{"v":13.09090909090909,"d":"13.1"}]
["Utiliza Energia Elétrica Para Uso na Atividade Agrícola",229,null,{"v":83.27272727272727,"d":"83.3"}]
["Utiliza Energia Alternativa",5,null,{"v":1.8181818181818183,"d":"1.8"}]
["Realiza Análise de Solo, quando necessário",95,null,{"v":34.54545454545455,"d":"34.5"}]
["Realiza Calagem",39,null,{"v":14.181818181818182,"d":"14.2"}]
["Utiliza Práticas de Conservação de Solo, quando necessário",222,null,{"v":80.72727272727272,"d":"80.7"}]
["Faz Adubação Mineral, quando necessário",53,null,{"v":19.272727272727273,"d":"19.3"}]
["Faz Adubação Orgânica, quando necessário",14,null,{"v":5.090909090909091,"d":"5.1"}]
["Faz Adubação Verde, quando necessário",3,null,{"v":1.0909090909090908,"d":"1.1"}]
["Utiliza Manejo Integrado de Pragas (MIP)",1,null,{"v":0.36363636363636365,"d":"0.4"}]
["Utiliza Hidroponia","-",null,"-"]
["Utiliza Cultivo em Estufa","-",null,"-"]
["Utiliza Mudas Fiscalizadas",12,null,{"v":4.363636363636363,"d":"4.4"}]
["Utiliza Semente Melhorada",56,null,{"v":20.363636363636363,"d":"20.4"}]
["Faz Confinamento de Bovinos",3,null,{"v":1.0909090909090908,"d":"1.1"}]
["Utiliza Pastejo Intensivo",9,null,{"v":3.272727272727273,"d":"3.3"}]
["Faz Inseminação Artificial",4,null,{"v":1.4545454545454546,"d":"1.5"}]
["Faz Mineralização do Rebanho",108,null,{"v":39.27272727272727,"d":"39.3"}]
["Faz Vermifugação do Rebanho",111,null,{"v":40.36363636363636,"d":"40.4"}]
["Possui Parceiros /Arrendatários na Exploração Animal",11,null,{"v":4,"d":"4.0"}]
["Existência de trabalhadores c/ deficiência na UPA",3,null,{"v":1.0909090909090908,"d":"1.1"}]
["Esporte e lazer","-",null,"-"]
["Extração mineral","-",null,"-"]
["Hotel Fazenda, Pousada ou SPA","-",null,"-"]
["Pesque-pague",1,null,{"v":0.36363636363636365,"d":"0.4"}]
["Restaurante ou Lanchonete","-",null,"-"]
["Transformação artesanal","-",null,"-"]
["Turismo rural ou ecoturismo",1,null,{"v":0.36363636363636365,"d":"0.4"}]
["Outras atividades econômicas rurais","-",null,"-"]
["Agroindústria","-",null,"-"]
["Proprietário sem instrução ou com instrução incompleta",3,null,{"v":1.0909090909090908,"d":"1.1"}]
["Proprietário com antigo primário completo",13,null,{"v":4.7272727272727275,"d":"4.7"}]
["Proprietário com 1° grau (ou antigo ginasial) completo",103,null,{"v":37.45454545454545,"d":"37.5"}]
["Proprietário com 2° grau (ou antigo colegial) completo",65,null,{"v":23.636363636363637,"d":"23.6"}]
["Proprietário com curso superior completo ",74,null,{"v":26.90909090909091,"d":"26.9"}]
["Pessoa Jurídica",17,null,{"v":6.1818181818181825,"d":"6.2"}]
["Proprietário residente na própria UPA ",27,null,{"v":9.818181818181818,"d":"9.8"}]
["Fonte: Secretaria de Agricultura e Abastecimento, CDRS/IEA, Projeto LUPA."]
[]
["TABELA 546.5 - Área Cultivada, Município de São Joaquim da Barra, Estado de São Paulo, 2016/17."]
["CULTURA","N.DE UPAs","MÍNIMO","MÉDIO","MÁXIMO","TOTAL"]
["Cana-de-acucar finalidade industria",194,{"v":1,"d":"1.0"},{"v":160.52,"d":"160.5"},{"v":2358.2,"d":"2,358.2"},{"v":31141.1,"d":"31,141.1"}]
["Braquiaria",126,0.2,{"v":16.58,"d":"16.6"},158.3,{"v":2089.1,"d":"2,089.1"}]
["Soja",31,0.8,37.3,{"v":276,"d":"276.0"},{"v":1156.3,"d":"1,156.3"}]
["Coloniao",15,{"v":2,"d":"2.0"},{"v":30.67,"d":"30.7"},{"v":100,"d":"100.0"},460.1]
["Milho safra",16,{"v":3,"d":"3.0"},{"v":22.29,"d":"22.3"},95.1,356.7]
["Sorgo",2,28.5,{"v":53.65,"d":"53.7"},78.8,107.3]
["Feijao",1,{"v":70,"d":"70.0"},{"v":70,"d":"70.0"},{"v":70,"d":"70.0"},{"v":70,"d":"70.0"}]
["Milho 2 safra",4,3.6,9.4,{"v":22,"d":"22.0"},37.6]
["Eucalipto",4,{"v":1,"d":"1.0"},2.2,3.6,8.8]
["Cana-de-acucar outras finalidades",3,{"v":1,"d":"1.0"},{"v":1.53,"d":"1.5"},{"v":2,"d":"2.0"},4.6]
["Milho-silagem",2,0.8,1.6,2.4,3.2]
["Cafe",1,1.2,1.2,1.2,1.2]
["Mandioca",1,0.8,0.8,0.8,0.8]
["Pimentao",1,0.2,0.2,0.2,0.2]
["Fonte: Secretaria de Agricultura e Abastecimento, CDRS/IEA, Projeto LUPA."]